000 00618nam a2200229 i 4500
001 C2-0287663
003 PPAK
005 20180728020934.0
008 080225s2006 nyua|||| ||||| | eng d
020 _a0786836024
040 _aPPAK
_beng
_cPPAK
_erda
082 0 4 _a808.83
_223
090 0 0 _a808.83
_bSTO
_dRLCK
245 0 0 _aStorybook collection
264 1 _aNew York :
_bDisney Press ,
_c2006
300 _a317 pages :
_bcolour illustrations ;
_c23 cm
336 _2rdacontent
_atext
337 _2rdamedia
_aunmediated
338 _2rdacarrier
_avolume
650 1 0 _aShort strories, English
942 _ddc
_cB
999 _c93353
_d93353